[Event "BCF-ch Seniors 65"]
[Site "Coventry"]
[Date "2015.07.28"]
[Round "2"]
[White "Hutchinson, Norman A"]
[Black "Mildenhall, John"]
[Result "1-0"]
[WhiteElo "2059"]
[BlackElo "1885"]
[PlyCount "73"]
[EventDate "2015.07.27"]
[EventType "swiss"]
[EventRounds "6"]
[EventCountry "ENG"]
[SourceTitle "CBM 167 Extra"]
[Source "ChessBase"]
[SourceDate "2015.09.14"]
[SourceVersion "1"]
[SourceVersionDate "2015.09.14"]
[SourceQuality "1"]

1. e4 c5 2. c3 Nf6 3. e5 Nd5 4. Nf3 e6 5. d4 cxd4 6. cxd4 d6 7. Bc4 Nb6 8. Bd3 Be7 9. 0-0 Nc6 10. Nc3 0-0 11. Qe2 d5 12. a3 f5 13. Qc2 Bd7 14. Be3 Rc8 15. Qd2 Na5 16. Qd1 Nac4 17. Bxc4 Nxc4 18. Qb3 Na5 19. Qa2 Qb6 20. Rac1 Nc4 21. Rc2 Rc7 22. Nd2 Nxd2 23. Bxd2 Bb5 24. Nxd5 Rxc2 25. Nxb6 Bxf1 26. Qxe6+ Rf7 27. Nd5 Bf8 28. Kxf1 Rxd2 29. Ne3 Rxd4 30. Qb3 g6 31. e6 Re7 32. Nd5 Rxd5 33. Qxd5 a6 34. h4 h5 35. Ke2 Kg7 36. Qe5+ Kh7 37. Qf6 1-0

[Event "BCF-ch Seniors 65"]
[Site "Coventry"]
[Date "2015.07.27"]
[Round "1"]
[White "Habershon, Paul F"]
[Black "Mildenhall, John"]
[Result "1-0"]
[WhiteElo "2099"]
[BlackElo "1885"]
[PlyCount "75"]
[EventDate "2015.07.27"]
[EventType "swiss"]
[EventRounds "6"]
[EventCountry "ENG"]
[SourceTitle "CBM 167 Extra"]
[Source "ChessBase"]
[SourceDate "2015.09.14"]
[SourceVersion "1"]
[SourceVersionDate "2015.09.14"]
[SourceQuality "1"]

1. e4 c5 2. Nc3 d6 3. f4 g6 4. Nf3 Bg7 5. Bc4 e6 6. 0-0 a6 7. a4 Nc6 8. f5 Ne5 9. Nxe5 Bxe5 10. fxe6 fxe6 11. Qf3 Nf6 12. d3 0-0 13. Bh6 Re8 14. Kh1 Qe7 15. Bg5 Rf8 16. Qh3 Bd7 17. Rf3 b5 18. Ba2 Rf7 19. Raf1 Rb8 20. Qh4 Kg7 21. g4 bxa4 22. Bc1 a3 23. bxa3 Bxc3 24. g5 Kg8 25. gxf6 Qe8 26. Bh6 Rb5 27. Bc4 Ra5 28. Bg7 Rxg7 29. fxg7 Bxg7 30. Qf4 d5 31. exd5 exd5 32. Bxd5+ Kh8 33. Re3 Qc8 34. Qd6 Rxa3 35. Re7 Bh3 36. Rxg7 Bxf1 37. Rg8+ Qxg8 38. Qf6+ 1-0